President Surnames By Sporcle Subcategories Quiz Stats

 Plays Quiz Updated Jun 27, 2019

Score 0/39 Timer 07:00
4 Plays Today
% Correct
Obama
95.3%
Monroe
95%
Jackson
94.4%
Harrison
92%
Hoover
91.8%
Harding
90.3%
Taylor
88.9%
Cleveland
88.9%
Reagan
87.5%
Carter
87.4%
Truman
87.3%
Madison
86.4%
Tyler
86.1%
Jefferson
85.5%
Washington
85.4%
Adams
84.9%
Lincoln
84.6%
Bush
82.8%
McKinley
82%
Nixon
80.5%
% Correct
Garfield
79.4%
Johnson
79.1%
Buchanan
73.2%
Pierce
73.2%
Trump
72.3%
Arthur
71.6%
Kennedy
70.1%
Grant
68.3%
Wilson
64.4%
Taft
48.3%
Coolidge
47.8%
Hayes
45%
Roosevelt
43.7%
Fillmore
39.6%
Ford
38%
Clinton
37.3%
Eisenhower
32.7%
Van Buren
31.4%
Polk
25.2%

You're not logged in!

Compare scores with friends on all Sporcle quizzes.
OR
Log In

Sporcle TV

Today on Sporcle TV


Watch our educational content, quiz creation guides, and fun videos on Sporcle TV.

Show Comments

Extras

Top Quizzes Today


Score Distribution

Your Account Isn't Verified!

In order to create a playlist on Sporcle, you need to verify the email address you used during registration. Go to your Sporcle Settings to finish the process.

Report this User

Report this user for behavior that violates our Community Guidelines.

Details: